The healthy heart / (Record no. 4921)

000 -LEADER
fixed length control field 00995pam a2200313 i 4500
001 - CONTROL NUMBER
control field 2772061
003 - CONTROL NUMBER IDENTIFIER
control field OSt
005 - DATE AND TIME OF LATEST TRANSACTION
control field 20220331073720.0
008 - FIXED-LENGTH DATA ELEMENTS--GENERAL INFORMATION
fixed length control field 800821s1981 vaua b 001 0 eng
010 ## - LIBRARY OF CONGRESS CONTROL NUMBER
LC control number 80021587
020 ## - INTERNATIONAL STANDARD BOOK NUMBER
International Standard Book Number 080943752X
020 ## - INTERNATIONAL STANDARD BOOK NUMBER
International Standard Book Number 0809437511 (lib. bdg.)
020 ## - INTERNATIONAL STANDARD BOOK NUMBER
International Standard Book Number 0809437503 (retail ed.)
040 ## - CATALOGING SOURCE
Original cataloging agency DLC
Transcribing agency ALUPE UNIVERSITY
Modifying agency DLC
050 00 - LIBRARY OF CONGRESS CALL NUMBER
Classification number RC672
Item number .F57 1981
082 00 - DEWEY DECIMAL CLASSIFICATION NUMBER
Classification number 616.1/2
Edition number 19
100 1# - MAIN ENTRY--PERSONAL NAME
Personal name Fisher, Arthur,
Dates associated with a name 1931-
245 14 - TITLE STATEMENT
Title The healthy heart /
Statement of responsibility, etc. by Arthur Fisher and the editors of Time-Life Books.
260 ## - PUBLICATION, DISTRIBUTION, ETC.
Place of publication, distribution, etc. Alexandria, Va. :
Name of publisher, distributor, etc. Time-Life Books ;
Place of publication, distribution, etc. Morristown, N.J. :
Name of publisher, distributor, etc. school and library distribution by Silver Burdett Co.,
Date of publication, distribution, etc. c1981.
300 ## - PHYSICAL DESCRIPTION
Extent 176 p. :
Other physical details ill. ;
Dimensions 26 cm.
440 #0 - SERIES STATEMENT/ADDED ENTRY--TITLE
Title Library of health
500 ## - GENERAL NOTE
General note Includes index.
504 ## - BIBLIOGRAPHY, ETC. NOTE
Bibliography, etc. note Bibliography: p. 172.
650 #0 - SUBJECT ADDED ENTRY--TOPICAL TERM
Topical term or geographic name entry element Heart
General subdivision Diseases.
650 #0 - SUBJECT ADDED ENTRY--TOPICAL TERM
Topical term or geographic name entry element Heart.
710 2# - ADDED ENTRY--CORPORATE NAME
Corporate name or jurisdiction name as entry element Time-Life Books.
906 ## - LOCAL DATA ELEMENT F, LDF (RLIN)
a 7
b cbc
c orignew
d 1
e ocip
f 19
g y-gencatlg
942 ## - ADDED ENTRY ELEMENTS (KOHA)
Source of classification or shelving scheme
Koha item type Book
Suppress in OPAC DO
Holdings
Withdrawn status Lost status Source of classification or shelving scheme Damaged status Not for loan Permanent Location Current Location Shelving location Date acquired Source of acquisition Total Checkouts Full call number Barcode Date last seen Price effective from Koha item type Public note
          AU LIBRARY AU LIBRARY Open Shelf 31.03.2022 DONATION FROM MOI UNIVERSITY   RC672 .F57 1981 28007204 31.03.2022 31.03.2022 Book DO

Powered by Koha